Classic Literature by Characters - Statistics

General Stats
  • This quiz has been taken 15 times
  • The average score is 9 of 20
Answer Stats
Characters Answer % Correct
Alexei Vronsky, Konstantin Levin, Alexei Karenin Anna Karenina
77%
Jean Valjean, Cosette, Javert Les Misérables
77%
Hester Prynne, Roger Chillingworth, Pearl The Scarlet Letter
69%
Heathcliff, Edgar Linton, Catherine Earnshaw Wuthering Heights
69%
Bill Sikes, Mr. Bumble, Fagin Oliver Twist
62%
Jonathan Harker, Abraham Van Helsing, Mina Murray Dracula
54%
Meg March, Jo March, Beth March Little Women
54%
Gregor Samsa, The Charwoman, Grete Samsa The Metamorphosis
54%
Sydney Carton, Madame Defarge, Charles Darnay A Tale of Two Cities
46%
John Yossarian, Chaplain Tappman, Milo Minderbinder Catch-22
46%
Tom Joad, Jim Casey, Ma Joad The Grapes of Wrath
46%
Robert Walton, Elizabeth Lavenza, The Creature Frankenstein
38%
Pip, Estella, Abel Magwitch Great Expectations
38%
Nick Carraway, Daisy Buchanan, Jordan Baker The Great Gatsby
38%
Leopold Bloom, Molly Bloom, Stephen Dedalus Ulysses
38%
Claudius, Gertrude, Laertes Hamlet
31%
John Galt, Dagny Taggart, Hank Rearden Atlas Shrugged
23%
Guy Montag, Mildred Montag, Captain Beatty Fahrenheit 451
23%
George Knightley, Frank Churchill, Jane Fairfax Emma
15%
Edward Ferrars, Elinor Dashwood, Fanny Dashwood Sense and Sensibility
15%
No matching quizzes found
Score Distribution
Percent of People with Each Score
Percentile by Number Answered
Your Score History
You have not taken this quiz